000
00213nam a2200097Ia 4500
008
240331s9999 xx 000 0 und d
082
_b
LAK
100
_a
Lakshmi, C.S
245
4
_a
The singer and the song
942
_c
L
999
_c
2069
_d
2069